Countries that don't have a prime minister - Statistics

General Stats
  • This quiz has been taken 20 times
  • The average score is 36 of 61
Answer Stats
Answer % Correct
United States
93%
Kiribati
80%
Mexico
80%
Guatemala
73%
Honduras
73%
Iran
73%
Nauru
73%
Nicaragua
73%
Panama
73%
Venezuela
73%
Bolivia
67%
Brazil
67%
Chile
67%
Colombia
67%
Costa Rica
67%
Ecuador
67%
El Salvador
67%
Germany
67%
Palau
67%
Paraguay
67%
Switzerland
67%
Uruguay
67%
Vatican
67%
Angola
60%
Austria
60%
Eritrea
60%
Ghana
60%
Liberia
60%
Marshall Islands
60%
Micronesia
60%
Monaco
60%
Nigeria
60%
North Korea
60%
San Marino
60%
Suriname
60%
Afghanistan
53%
Benin
53%
Botswana
53%
China
53%
Comoros
53%
Myanmar
53%
Seychelles
53%
Sierra Leone
53%
South Africa
53%
Zambia
53%
Zimbabwe
53%
Bosnia & Herzegovina
47%
Chad
47%
Kenya
47%
Malawi
47%
Senegal
47%
South Sudan
47%
Turkey
47%
Cyprus
40%
Gambia
40%
Indonesia
40%
Ireland
40%
Taiwan
40%
Philippines
33%
Maldives
27%
Turkmenistan
27%
No matching quizzes found
Score Distribution
Percent of People with Each Score
Percentile by Number Answered
Your Score History
You have not taken this quiz